Normal view
MARC view
- The Book Of Tomorrow - English Language
Entry Topical Term
001 - CONTROL NUMBER
- control field: 2470
003 - CONTROL NUMBER IDENTIFIER
- control field: JO-AjAnu
005 - DATE AND TIME OF LATEST TRANSACTION
- control field: 20230606070717.0
008 - FIXED-LENGTH DATA ELEMENTS
- fixed length control field: 230606|| aca||aabn | a|a d
040 ## - CATALOGING SOURCE
- Original cataloging agency: JO-AjAnu
- Transcribing agency: JO-AjAnu
150 ## - HEADING--TOPICAL TERM
- Topical term or geographic name entry element: The Book Of Tomorrow - English Language
670 ## - SOURCE DATA FOUND
- Source citation: Work cat.: (JO-AjAnu)1293: Ahern, Cecelia, author 2469, The Book Of Tomorrow